|
|
|
|
| LEADER |
00000cam a2200000 a 4500 |
| 001 |
vtls008381746 |
| 003 |
SK-MaSNL |
| 005 |
20260426015812.0 |
| 008 |
230403s1955 xo obl gr 000 0 ger |
| 015 |
|
|
|a SNBA19451955-006313
|
| 020 |
|
|
|q (brožované)
|
| 035 |
|
|
|a SK01SNKBKSFS20010073963
|
| 035 |
|
|
|a urn:nbn:sk:snk-am3hzkm
|
| 035 |
|
|
|a D9C2157E-1219-4C52-92D0-6D47229737C0
|
| 035 |
|
|
|a urn:nbn:sk:snk-am00del2
|
| 035 |
|
|
|a SKM000076426
|
| 040 |
|
|
|a SNK
|b slo
|c SNK
|e AACR2
|
| 041 |
1 |
|
|a ger
|h slo
|
| 043 |
|
|
|a e-xo---
|
| 044 |
|
|
|a xo
|c SK
|
| 080 |
|
|
|a 026/027
|2 2011
|
| 080 |
|
|
|a (437.6)
|2 2011
|
| 080 |
|
|
|a (048.8)
|2 2011
|
| 080 |
|
|
|a 026/027(091)
|2 2011
|
| 100 |
1 |
|
|a Kuzmík, Jozef,
|d 1921-2001
|4 aut
|9 88876
|
| 245 |
1 |
0 |
|a Slowakische Bibliotheken in Vergangenheit und Gegenwart
|c Jozef Kuzmík ; aus dem Slowakischen übersetzt von Viliam Schwanzer
|
| 260 |
|
|
|a Martin
|b Matica slovenská
|c 1955
|e Martin
|f Severoslovenské tlačiarne
|
| 300 |
|
|
|a 8 strán, XVI strán obrazových príloh
|b fotografie, mapy, tabuľky
|c 24 cm
|
| 366 |
|
|
|e 300 kusov
|
| 500 |
|
|
|a Doplnený preklad štúdie Knižnice na Slovensku v minulosti a v prítomnosti z časopisu Slovenskej akadémie vied Naša veda, roč. 1955
|
| 500 |
|
|
|a Pravdepodobne preložené zo slovenčiny
|
| 650 |
0 |
7 |
|a knižnice
|2 SNKPH
|9 17965
|
| 650 |
0 |
7 |
|a dejiny knižníc
|2 SNKPH
|9 60304
|
| 651 |
|
7 |
|a Slovensko
|2 SNKPHgeo
|9 14231
|
| 655 |
|
7 |
|a štúdie
|2 SNKPH
|9 57033
|
| 700 |
1 |
|
|a Schwanzer, Viliam,
|d 1913-1985
|4 trl
|9 181914
|
| 700 |
1 |
|
|a Bálent, Boris,
|d 1912-1994
|4 red
|9 158233
|
| 852 |
|
|
|a Slovenská národná knižnica
|
| 954 |
|
|
|a odborná, vedecká literatúra pôvodná (slovenská)
|2 lita
|
| 958 |
|
|
|a RK
|
| 958 |
|
|
|a TL
|
| 958 |
|
|
|a OP
|
| 968 |
|
|
|a Dt
|b SLO
|
| 999 |
|
|
|c 1194313
|d 1196243
|
| 952 |
|
|
|a SNK
|b SNK
|y PREZ
|7 0
|p 17A0819378
|o snkSC 9840
|i snkKSP 1184/57
|0 0
|1 0
|4 0
|d 2012-08-22
|f 1
|l 0
|r 2025-07-09 00:00:00
|w 2026-02-24
|
| 952 |
|
|
|t P60, <04>, [BOOK], {604}
|a SNK
|b SNK
|y VYP
|7 0
|p 17A0094609
|o snkSC 9840 D2
|0 0
|1 0
|4 0
|d 1997-09-22
|l 0
|r 2005-01-02 00:00:00
|w 2026-02-24
|
| 952 |
|
|
|t P60, <04>, [BOOK], {604}
|a SNK
|b SNK
|y VYP
|7 0
|p 17A0238659
|o snkSC 9840 D1
|0 0
|1 0
|4 0
|d 2000-05-15
|l 0
|r 2005-01-02 00:00:00
|w 2026-02-24
|